[Event "Druzynowe Mistrzostwa Polski Juniorow - II liga"]
[Site "Sypniewo k. Jastowia"]
[Date "2024-06-17"]
[Round "6.79"]
[White "Mosny, Kamil"]
[Black "Panasiuk, Piotr"]
[Result "1-0"]
[WhiteTitle "I"]
[BlackTitle "II"]
[WhiteElo "1943"]
[BlackElo "1517"]

1. d4 Nf6 2. c4 e6 3. Nc3 Bb4 4. f3 Bxc3+ 5. bxc3 c5 6. e3 O-O 7. Bd3 Qa5 8. Bd2
d6 9. Ne2 Na6 10. O-O Bd7 11. e4 Ba4 12. Qe1 e5 13. d5 Rfe8 14. Qh4 Qc7 15. Ng3
Nd7 16. Rf2 Nf8 17. Qg5 Qe7 18. Qe3 Bd7 19. Raf1 Ng6 20. Qe1 Nc7 21. Qc1 Rab8
22. Nf5 Bxf5 23. exf5 Nf8 24. h4 f6 25. g4 b5 26. g5 Nd7 27. cxb5 Nxb5 28. Rg2
Kh8 29. Kh1 Rec8 30. Rg4 Nc7 31. c4 Na6 32. Rfg1 Nb4 33. Bb1 Rc7 34. a3 Na6 35.
Bc2 Rcb7 36. Qd1 Rb2 37. Bc1 R2b7 38. Qf1 Rc7 39. Qg2 Rbb7 40. Qf2 Nab8 41. R1g2
Nf8 42. Qg1 a6 43. Kh2 Qf7 44. gxf6 Qxf6 45. Bg5 Qf7 46. Bd8 Rd7 47. f6 g6 48.
Be7 Rb2 49. h5 Ra2 50. hxg6 Nxg6 51. Bxg6 Rxg2+ 52. Qxg2 hxg6 53. Rxg6 Qh7+ 54.
Kg1 Rb7 55. f7 Rb3 56. Kf2 Rb2+ 57. Ke3 Rb3+ 58. Kd2 Rb2+ 59. Kc3 1-0

[Event "Druzynowe Mistrzostwa Polski Juniorow - II liga"]
[Site "Sypniewo k. Jastowia"]
[Date "2024-06-17"]
[Round "6.80"]
[White "Tanski, Wojciech"]
[Black "Bochenek, Piotr"]
[Result "1/2-1/2"]
[WhiteTitle "III"]
[BlackTitle "II+"]
[WhiteElo "1441"]
[BlackElo "1796"]

1. d4 Nf6 2. Bf4 c5 3. c3 Nd5 4. Bg3 Qb6 5. Qb3 Qxb3 6. axb3 cxd4 7. cxd4 Nc6 8.
Nc3 Ndb4 9. Kd1 d6 10. Nf3 Be6 11. Ra3 a6 12. e3 g6 13. Bc4 d5 14. Be2 Bg7 15.
Kd2 O-O 16. Rc1 Bf5 17. Na4 Rad8 18. Nc5 Bc8 19. Bc7 Rde8 20. Nd3 Nxd3 21. Bxd3
Bd7 22. Bb6 f6 23. Bc5 Rf7 24. b4 e5 25. Be2 exd4 26. Nxd4 Nxd4 27. Bxd4 Bc6 28.
b5 axb5 29. Rb3 b4 30. Rxb4 Bf8 31. Rb6 f5 32. Bb5 Bxb5 33. Rxb5 Rd7 34. Ra1 f4
35. Ra7 fxe3+ 36. fxe3 Ree7 37. Bc5 Rf7 38. Bxf8 Kxf8 39. Ke2 Rfe7 40. Kd3 Kf7
41. Raa5 Re5 42. Ra7 Ree7 1/2-1/2

[Event "Druzynowe Mistrzostwa Polski Juniorow - II liga"]
[Site "Sypniewo k. Jastowia"]
[Date "2024-06-17"]
[Round "6.81"]
[White "Czech, Emil"]
[Black "Kopacki, Aleksander"]
[Result "0-1"]
[WhiteTitle "II+"]
[BlackTitle "I"]
[WhiteElo "1680"]
[BlackElo "1782"]

1. d4 d5 2. Nc3 c5 3. Bg5 Nc6 4. e3 cxd4 5. exd4 h6 6. Bh4 g6 7. Bb5 Bg7 8. Nf3
a6 9. Ba4 g5 10. Bg3 Bg4 11. Qd3 b5 12. Bb3 Bxf3 13. Qxf3 e6 14. Nxd5 exd5 15.
Bxd5 Qe7+ 16. Kf1 Nxd4 17. Bxf7+ Qxf7 18. Qxa8+ Ke7 19. Qb7+ Kf6 20. Qxa6+ Kf5
21. Qc8+ Kg6 22. h4 Nf6 23. Qc3 Ne4 24. Qd3 Qf5 25. c3 Ne6 26. Re1 N6c5 27. Qf3
Nd2+ 0-1

[Event "Druzynowe Mistrzostwa Polski Juniorow - II liga"]
[Site "Sypniewo k. Jastowia"]
[Date "2024-06-17"]
[Round "6.82"]
[White "Tanski, Jakub"]
[Black "Lisek, Adam"]
[Result "0-1"]
[WhiteTitle "III"]
[BlackTitle "II"]
[WhiteElo "1416"]
[BlackElo "1502"]

1. e4 c5 2. Nf3 a6 3. Nc3 e6 4. d3 d5 5. exd5 exd5 6. Bf4 Nc6 7. Be2 Nf6 8. O-O
Be7 9. Re1 O-O 10. Qd2 b5 11. Ne5 Nxe5 12. Bxe5 d4 13. Bxf6 dxc3 14. bxc3 Bxf6
15. Bf3 Ra7 16. Rad1 Bg5 17. Qe2 Re7 18. Qf1 Rfe8 19. Rxe7 Qxe7 20. Bc6 Bd7 21.
Bxd7 Qxd7 22. Re1 Bd2 23. Rxe8+ Qxe8 24. c4 Qe1 25. Qxe1 Bxe1 26. Kf1 Bc3 27.
Ke2 Kf8 28. Kf3 bxc4 29. dxc4 Ke7 30. Ke4 Kd6 31. Kd3 Bd4 32. f3 Bb2 33. c3 Kc6
34. Kc2 Ba3 35. h4 Kd6 36. f4 h5 37. Kd3 Bb2 38. Kc2 Ba1 39. Kd3 Ke6 40. Ke4 Bxc3
41. f5+ Kf6 42. Kd5 Bd4 43. Kc6 Kxf5 44. Kb6 Kg4 45. Kxa6 Bc3 46. Kb5 Bb4 47.
a4 f5 48. a5 Bxa5 49. Kxa5 f4 50. Kb5 Kg3 51. Kxc5 Kxg2 52. Kb6 f3 53. c5 f2 54.
c6 f1=Q 55. c7 Qb1+ 56. Kc6 Qc2+ 57. Kb6 Kg3 58. Kb7 Kxh4 59. c8=Q Qxc8+ 60. Kxc8
g5 61. Kc7 0-1

[Event "Druzynowe Mistrzostwa Polski Juniorow - II liga"]
[Site "Sypniewo k. Jastowia"]
[Date "2024-06-17"]
[Round "6.83"]
[White "Zylak, Emilia"]
[Black "Woytitzki, Maja"]
[Result "0-1"]
[WhiteTitle "II"]
[BlackTitle "I"]
[WhiteElo "1452"]
[BlackElo "1544"]

1. d4 Nf6 2. Bg5 d5 3. Nf3 g6 4. e3 Bg7 5. Bd3 Nbd7 6. Nbd2 c5 7. c3 b6 8. Qe2
Bb7 9. Ng1 Rc8 10. f3 cxd4 11. exd4 O-O 12. O-O-O Re8 13. Qf1 a5 14. g4 a4 15.
a3 e5 16. dxe5 Nxe5 17. Bb5 Bc6 18. Bxc6 Rxc6 19. Kb1 b5 20. Ka1 Qc7 21. Ne2 Nd3
22. Nb1 Nc5 23. Nd4 Nb3+ 24. Nxb3 axb3 25. Qxb5 Rb8 26. Qd3 Nd7 27. Bc1 Nb6 28.
Qd2 Ra8 29. Qf4 Be5 30. Qd2 d4 31. cxd4 Bd6 32. Rhf1 Nd5 33. Rde1 Nb4 34. Nc3
Nc2+ 35. Kb1 Bxa3 36. bxa3 Rxc3 37. Bb2 Rc6 38. Re2 Qa7 39. Rff2 Nxa3+ 40. Bxa3
Qxa3 41. Qb2 Qa6 42. Rd2 Rac8 43. Rd1 Rc2 44. Rxc2 bxc2+ 45. Kc1 cxd1=R+ 46. Kxd1
Qf1+ 0-1

[Event "Druzynowe Mistrzostwa Polski Juniorow - II liga"]
[Site "Sypniewo k. Jastowia"]
[Date "2024-06-17"]
[Round "6.84"]
[White "Woytitzki, Sophie"]
[Black "Dudek, Julia"]
[Result "1/2-1/2"]
[WhiteTitle "I"]
[BlackTitle "II"]
[WhiteElo "1583"]
[BlackElo "1408"]

1. e4 c5 2. Nf3 a6 3. d4 cxd4 4. Nxd4 Nf6 5. Nc3 e5 6. Nf5 d5 7. Qf3 Bxf5 8. Qxf5
Qc7 9. exd5 Bb4 10. Bd2 Nbd7 11. Qf3 Nb6 12. Bd3 Bxc3 13. Bxc3 Nbxd5 14. O-O Nxc3
15. bxc3 O-O 16. Rfe1 b5 17. Qf5 Qxc3 18. Qxe5 Qxe5 19. Rxe5 Rfe8 20. Rae1 Rxe5
21. Rxe5 Re8 22. Rxe8+ Nxe8 23. Kf1 Kf8 24. Ke2 Ke7 25. Kd2 Kd6 26. a3 h6 27.
c4 Nc7 28. Kc3 Kc5 29. cxb5 Nxb5+ 30. Bxb5 axb5 1/2-1/2

[Event "Druzynowe Mistrzostwa Polski Juniorow - II liga"]
[Site "Sypniewo k. Jastowia"]
[Date "2024-06-17"]
[Round "6.85"]
[White "Marchewka, Kajetan"]
[Black "Pulit, Kacper"]
[Result "0-1"]
[WhiteTitle "II+"]
[BlackTitle "II+"]
[WhiteElo "1743"]
[BlackElo "1728"]

1. e4 c5 2. Nf3 d6 3. d4 cxd4 4. Nxd4 Nf6 5. Nc3 a6 6. Be3 Ng4 7. Bg5 h6 8. Bc1
Nf6 9. Be2 e5 10. Nb3 Be6 11. Bf3 Be7 12. O-O O-O 13. Be3 Nbd7 14. Qd2 Rc8 15.
Rfd1 b5 16. Rac1 Qc7 17. Nd5 Nxd5 18. exd5 Bf5 19. Be2 Nf6 20. Bd3 Bxd3 21. Qxd3
Nd7 22. f4 Bf6 23. c3 exf4 24. Bxf4 Be5 25. Qd2 Rfe8 26. Kh1 Qc4 27. Rf1 Nc5 28.
Bxe5 Rxe5 29. Qf2 Qxd5 30. Rcd1 Qe6 31. Nd4 Ne4 32. Qf3 Qf6 33. Qxf6 Nxf6 34.
a4 Nd5 35. Nf3 Ne3 36. Rxd6 Rec5 37. Re1 Nc4 38. Rxa6 bxa4 39. Rxa4 Nxb2 40. Ra7
Rxc3 41. h3 R3c7 42. Rxc7 Rxc7 43. Re2 Nd3 44. Kh2 Nf4 45. Ra2 Re7 46. Rb2 g5
47. Nd4 Re5 48. Nf3 Rd5 49. Rd2 Rc5 50. Ng1 h5 51. Ne2 Nd5 52. Ng3 Nf4 53. Ne2
Ne6 54. Ng3 h4 55. Ne2 f5 56. Kg1 f4 57. Kf2 Kf7 58. Rb2 Rb5 59. Rd2 Nc5 60. Ra2
Rb3 61. Nd4 Ne4+ 62. Ke1 Rb1+ 0-1

[Event "Druzynowe Mistrzostwa Polski Juniorow - II liga"]
[Site "Sypniewo k. Jastowia"]
[Date "2024-06-17"]
[Round "6.86"]
[White "Penar, Marcin"]
[Black "Jozwiak, Oliwier"]
[Result "1/2-1/2"]
[WhiteTitle "II"]
[BlackTitle "II"]
[WhiteElo "1715"]
[BlackElo "1669"]

1. d4 d5 2. Bf4 Nf6 3. e3 c5 4. c3 Nc6 5. Nf3 Qb6 6. Qb3 c4 7. Qxb6 axb6 8. Nbd2
Bf5 9. Ne5 Nxe5 10. Bxe5 e6 11. Bxf6 gxf6 12. g3 Bh6 13. Bg2 Bd3 14. f4 f5 15.
Kf2 Bf8 16. Bf3 h5 17. h4 b5 18. a3 Kd7 19. Be2 Bc2 20. Bd1 Bd3 21. Be2 Bc2 22.
Bd1 Bd3 23. Be2 1/2-1/2

[Event "Druzynowe Mistrzostwa Polski Juniorow - II liga"]
[Site "Sypniewo k. Jastowia"]
[Date "2024-06-17"]
[Round "6.87"]
[White "Chmielnicki, Michal"]
[Black "Balis, Sebastian"]
[Result "1-0"]
[WhiteTitle "II"]
[BlackTitle "I"]
[WhiteElo "1506"]
[BlackElo "1675"]

1. e4 e6 2. d4 d5 3. e5 c5 4. c3 Nc6 5. Nf3 Qb6 6. a3 c4 7. Nbd2 Na5 8. Be2 Bd7
9. O-O Ne7 10. Rb1 h6 11. Re1 Ng6 12. g3 Be7 13. h4 Bc6 14. Bf1 Nf8 15. Bg2 Nd7
16. Kh2 Rc8 17. g4 Qc7 18. h5 Nb6 19. Ng1 Ba4 20. Qe2 Bc2 21. Ra1 Bd3 22. Qe3
Bc2 23. f4 Na4 24. Bf3 Qb6 25. Nh3 Qb5 26. Rf1 Bd3 27. Be2 Nxb2 28. Bxd3 Nxd3
29. a4 Qc6 30. f5 Kd7 31. Ba3 Bxa3 32. Rxa3 Rcf8 33. Nf4 Nxf4 34. Qxf4 Ke7 35.
g5 exf5 36. Qxf5 Qe6 37. Qf4 Kd7 38. Raa1 Nc6 39. Rab1 b6 40. Kg3 Ne7 41. a5 Kc7
42. Rb5 hxg5 43. Qxg5 g6 44. Rf6 Rxh5 45. Qg4 Qxg4+ 46. Kxg4 Nf5 47. axb6+ 1-0

[Event "Druzynowe Mistrzostwa Polski Juniorow - II liga"]
[Site "Sypniewo k. Jastowia"]
[Date "2024-06-17"]
[Round "6.88"]
[White "Schiller, Marcin"]
[Black "Fajks, Julian"]
[Result "1/2-1/2"]
[WhiteTitle "II+"]
[BlackTitle "II"]
[WhiteElo "1636"]
[BlackElo "1652"]

1. d4 Nf6 2. c4 e6 3. Nc3 Bb4 4. Bg5 h6 5. Bh4 d5 6. e3 c6 7. Qc2 Nbd7 8. Nf3 O-O
9. Be2 Qa5 10. Nd2 a6 11. O-O Qd8 12. f4 dxc4 13. Nxc4 b5 14. Ne5 Bb7 15. Nxd7
Qxd7 16. Bxf6 gxf6 17. Ne4 Qe7 18. a3 Bd6 19. f5 Kg7 20. Rf3 Rad8 21. Ng3 c5 22.
Nh5+ Kh8 23. Rh3 exf5 24. Qxf5 Bc8 25. Qf3 Bxh3 26. Qxh3 cxd4 27. Qf5 Qxe3+ 28.
Kf1 Qe5 29. Qf3 f5 30. Bd3 f6 31. Re1 Qxh2 32. Qxf5 Rf7 33. Qg6 Qh1+ 34. Kf2 Qh4+
35. g3 Bxg3+ 36. Qxg3 1/2-1/2

[Event "Druzynowe Mistrzostwa Polski Juniorow - II liga"]
[Site "Sypniewo k. Jastowia"]
[Date "2024-06-17"]
[Round "6.89"]
[White "Dushnitska, Yuliia"]
[Black "Kretowicz, Daria"]
[Result "1-0"]
[WhiteTitle "II+"]
[BlackTitle "I"]
[WhiteElo "1455"]
[BlackElo "1544"]

1. e4 c5 2. Nf3 e6 3. c3 Nc6 4. d4 d5 5. e5 cxd4 6. cxd4 Bb4+ 7. Nc3 Nge7 8. Bd3
O-O 9. Bxh7+ Kh8 10. Ng5 g6 11. Qf3 Nf5 12. Bxg6 Kg7 13. Bxf5 Rh8 14. Qg4 Kf8
15. Nh7+ Ke8 16. Nf6+ Kf8 17. Bh7 Bxc3+ 18. bxc3 Qa5 19. O-O Qxc3 20. Bh6+ Ke7
21. Qg7 Bd7 22. Bg5 Qxd4 23. Nxd5+ Ke8 24. Qxh8# 1-0

[Event "Druzynowe Mistrzostwa Polski Juniorow - II liga"]
[Site "Sypniewo k. Jastowia"]
[Date "2024-06-17"]
[Round "6.91"]
[White "Jablonski, Piotr"]
[Black "Serewa, Antoni"]
[Result "0-1"]
[WhiteTitle "II"]
[BlackTitle "I"]
[WhiteElo "1570"]
[BlackElo "1890"]

1. e4 c5 2. Nf3 Nc6 3. d4 cxd4 4. Nxd4 e5 5. Nb5 d6 6. N1c3 a6 7. Na3 b5 8. Nd5
Nf6 9. Bg5 Be7 10. Bxf6 Bxf6 11. c3 Ne7 12. Nc2 O-O 13. Be2 Nxd5 14. Qxd5 Be6
15. Qd3 d5 16. Bf3 dxe4 17. Bxe4 Qxd3 18. Bxd3 Rad8 19. Ke2 Bg5 20. Rhd1 f5 21.
Kf1 Rxd3 22. Rxd3 Bc4 23. Rad1 e4 24. Nd4 Bxd3+ 25. Ke1 Bf6 26. Nxf5 Bxc3+ 27.
bxc3 Rxf5 28. f3 exf3 29. gxf3 Rxf3 30. Kd2 Rf1 0-1

[Event "Druzynowe Mistrzostwa Polski Juniorow - II liga"]
[Site "Sypniewo k. Jastowia"]
[Date "2024-06-17"]
[Round "6.93"]
[White "Wilman, Maciej"]
[Black "Ozog, Bartosz"]
[Result "0-1"]
[WhiteTitle "II"]
[BlackTitle "I"]
[WhiteElo "1503"]
[BlackElo "1747"]

1. d4 Nf6 2. Nf3 c5 3. e3 cxd4 4. exd4 g6 5. b3 Bg7 6. Bb2 d5 7. Be2 Nc6 8. O-O
Bg4 9. Nbd2 O-O 10. Ne5 Bxe2 11. Qxe2 e6 12. Rfd1 Qb6 13. Ndf3 Rfd8 14. Nxc6 bxc6
15. Rac1 Rac8 16. a4 Nd7 17. Ne5 Nxe5 18. dxe5 c5 19. Ba3 Qc7 20. f4 Bf8 21. c3
c4 22. b4 a5 23. Kf1 axb4 24. Bxb4 Bxb4 25. cxb4 d4 26. Qe4 c3 27. Rxd4 Qa7 28.
Rxc3 Rxd4 29. Rxc8+ Kg7 30. Qe3 Rd1+ 31. Ke2 Re1+ 32. Kxe1 Qxe3+ 33. Kd1 Qb3+
34. Ke2 Qxb4 35. g3 Qxa4 36. Kf2 Qa2+ 37. Kg1 Qb1+ 38. Kf2 Qb2+ 39. Ke1 Qxh2 40.
f5 Qxg3+ 41. Kd2 Qf4+ 42. Ke1 Qxe5+ 43. Kf2 Qxf5+ 44. Kg1 h5 45. Rg8+ Kxg8 46.
Kh2 Qd3 47. Kh1 Qe2 48. Kg1 Kg7 49. Kh1 Kf6 50. Kg1 Kg5 51. Kh1 Kf4 52. Kg1 Kg3
53. Kh1 Qf1# 0-1

[Event "Druzynowe Mistrzostwa Polski Juniorow - II liga"]
[Site "Sypniewo k. Jastowia"]
[Date "2024-06-17"]
[Round "7.1"]
[White "Podgorski, Jakub"]
[Black "Kusiak, Mateusz"]
[Result "1/2-1/2"]
[WhiteTitle "II"]
[BlackTitle "k"]
[WhiteElo "1685"]
[BlackElo "2120"]

1. e4 c5 2. b3 d6 3. Bb2 e5 4. Bc4 Nf6 5. d3 Be6 6. Nc3 Nbd7 7. Nge2 a6 8. a4 Nb6
9. f4 Nxc4 10. bxc4 Ng4 11. f5 Bd7 12. Nd5 g6 13. h3 Nf6 14. O-O Nxd5 15. cxd5
gxf5 16. exf5 Rg8 17. Bc1 Qh4 18. Kh1 Bxa4 19. Nc3 Bd7 20. Ne4 O-O-O 21. Bd2 Bb5
22. Qc1 h6 23. Ba5 Re8 24. c4 Rg4 25. cxb5 Rxe4 26. dxe4 axb5 27. Qb1 b4 28. Qd3
Be7 29. Qb5 Rg8 30. Bb6 Rxg2 31. Ra8# 1/2-1/2

[Event "Druzynowe Mistrzostwa Polski Juniorow - II liga"]
[Site "Sypniewo k. Jastowia"]
[Date "2024-06-17"]
[Round "7.2"]
[White "Zieba, Hubert"]
[Black "Klisowski, Bartosz"]
[Result "1-0"]
[WhiteTitle "I+"]
[BlackTitle "I+"]
[WhiteElo "2012"]
[BlackElo "1864"]

1. e4 c6 2. d4 d5 3. e5 Bf5 4. Nf3 e6 5. Be2 Nd7 6. O-O c5 7. c3 Ne7 8. Be3 Nc6
9. Nbd2 Be7 10. Re1 O-O 11. Nf1 a6 12. Ng3 Bg6 13. a3 b5 14. b4 cxd4 15. cxd4
Nb6 16. Bd3 Bxd3 17. Qxd3 Nc4 18. Nd2 a5 19. bxa5 N6xa5 20. a4 bxa4 21. Ne2 a3
22. Nc3 Nxd2 23. Bxd2 Nc4 24. Bc1 Bb4 25. Rf1 Bxc3 26. Qxc3 Qa5 27. Qc2 Ra6 28.
f4 Rfa8 29. f5 Qb6 30. Qc3 exf5 31. Rxf5 Qe6 32. Rf3 Qe7 33. Ra2 Qa7 34. Rh3 Nxe5
35. Rxa3 Rxa3 36. Bxa3 Nc4 37. Bc5 Qa1+ 38. Kf2 Ra2+ 1-0

[Event "Druzynowe Mistrzostwa Polski Juniorow - II liga"]
[Site "Sypniewo k. Jastowia"]
[Date "2024-06-17"]
[Round "7.3"]
[White "Kiszkiel, Oskar"]
[Black "Futyma, Dawid"]
[Result "1/2-1/2"]
[WhiteTitle "I"]
[BlackTitle "I"]
[WhiteElo "1741"]
[BlackElo "1866"]

1. d4 Nf6 2. c4 e6 3. Nf3 Be7 4. g3 O-O 5. Bg2 h6 6. O-O d6 7. Nc3 Nbd7 8. b3 c5
9. Bb2 a6 10. Qc2 Qc7 11. Rab1 Rb8 12. a4 b6 13. Rfe1 Bb7 14. e4 e5 15. dxe5 Nxe5
16. Nxe5 dxe5 17. Nd5 Nxd5 18. exd5 Bd6 19. Bh3 Bc8 20. Bxc8 Rbxc8 21. Qe2 f6
22. Bc1 Qd7 23. f4 Rce8 24. Qf3 a5 25. f5 Qe7 26. Qe4 Qf7 27. Qg4 Kh7 28. Qh4
Qd7 29. Qe4 Qe7 30. Qh4 g6 31. Qe4 1/2-1/2

[Event "Druzynowe Mistrzostwa Polski Juniorow - II liga"]
[Site "Sypniewo k. Jastowia"]
[Date "2024-06-17"]
[Round "7.4"]
[White "Panasiuk, Stanislaw"]
[Black "Janeczek, Maksymilian"]
[Result "1-0"]
[WhiteTitle "II"]
[BlackTitle "II"]
[WhiteElo "1445"]
[BlackElo "1570"]

1. e4 d5 2. exd5 Nf6 3. d4 Bg4 4. Be2 Bxe2 5. Qxe2 Qxd5 6. Nf3 e6 7. c4 Qd8 8.
O-O Be7 9. Nc3 O-O 10. Bf4 c5 11. Rad1 cxd4 12. Nxd4 Nbd7 13. Rfe1 Bb4 14. Qf3
Qa5 15. Nb3 Qh5 16. Qxb7 Bxc3 17. bxc3 Nb6 18. c5 Nbd5 19. Bd6 Rfc8 20. Rd3 g5
21. c4 Nf4 22. Rf3 Qg4 23. Bxf4 gxf4 24. Qe7 Nh5 25. h3 Qg6 26. Re5 h6 27. Re1
Re8 28. Qb7 e5 29. Nd2 Rad8 30. Ne4 f5 31. Nd6 e4 32. Nxe8 exf3 33. Qxf3 Rxe8
34. Qd5+ Kf8 35. Rxe8+ Kxe8 36. c6 Nf6 37. Qe5+ Kd8 38. Qb8+ Ke7 39. c7 f3 40.
Qd8+ Kf7 41. g3 f4 42. c8=Q Qb1+ 43. Kh2 fxg3+ 44. Kxg3 Qg1+ 45. Kxf3 Qh1+ 46.
Ke2 Qe4+ 47. Kd2 Qf4+ 48. Kc2 Qxf2+ 49. Qd2 Qh4 50. Qc7+ Kg6 51. Qd3+ Ne4 52.
Qc6+ Kg7 53. Qcxe4 Qf2+ 54. Kc3 1-0

[Event "Druzynowe Mistrzostwa Polski Juniorow - II liga"]
[Site "Sypniewo k. Jastowia"]
[Date "2024-06-17"]
[Round "7.5"]
[White "Gajec, Roza"]
[Black "Tokarz, Izabela"]
[Result "0-1"]
[WhiteTitle "I"]
[BlackTitle "k"]
[WhiteElo "1771"]
[BlackElo "1966"]

1. e4 c5 2. Nf3 Nc6 3. Bb5 g6 4. Bxc6 bxc6 5. O-O Bg7 6. Re1 d6 7. c3 Qb6 8. d4
cxd4 9. cxd4 Bg4 10. e5 Bxf3 11. Qxf3 dxe5 12. dxe5 e6 13. Be3 Qc7 14. Rc1 Ne7
15. Nc3 O-O 16. Bc5 Bxe5 17. Bxe7 Qxe7 18. Qxc6 Qb4 19. Qf3 Qxb2 20. Rab1 Qa3
21. Ne4 Qxf3 22. gxf3 Rab8 23. Nc5 Bf4 24. Rd1 Rxb1 25. Rxb1 Rc8 26. Nd3 Bh6 27.
Rb7 Rc3 28. Ne5 Ra3 29. Nxf7 Bf4 30. Nd8 Ra6 31. Re7 e5 32. Ne6 Bh6 33. Nc5 Rxa2
34. Rxe5 a5 35. Re4 Bf8 36. Nd7 Rd2 37. Nxf8 Kxf8 38. Ra4 Rd5 39. Kf1 Ke7 40.
Ke2 Kd6 41. Ke3 Kc6 42. Ke4 Rf5 43. Ra2 Kb5 44. Rb2+ Kc4 45. Rb8 a4 46. Rc8+ Kb4
47. Rb8+ Rb5 48. Ra8 a3 49. Rd8 a2 50. Rd4+ Kb3 51. Rd3+ Kb2 52. Rd2+ Kb1 53.
Rd1+ Kc2 54. Re1 Rb1 55. Re2+ Kb3 56. Rxa2 Kxa2 57. f4 Rh1 58. f5 gxf5+ 59. Kxf5
Rxh2 60. f4 Kb3 61. Ke6 h5 62. f5 h4 63. f6 Rf2 64. f7 h3 65. Ke7 h2 66. Kf8 h1=Q
67. Kg7 Rxf7+ 68. Kxf7 Qh6 69. Ke7 Qg6 70. Kd7 Qf6 71. Kc7 Qe6 72. Kb7 Kb4 73.
Kc7 Kc5 74. Kb7 Qe7+ 75. Ka6 Qd6+ 76. Ka7 Qb6+ 77. Ka8 Qb4 78. Ka7 Kc6 79. Ka8
Qb7# 0-1

[Event "Druzynowe Mistrzostwa Polski Juniorow - II liga"]
[Site "Sypniewo k. Jastowia"]
[Date "2024-06-17"]
[Round "7.6"]
[White "Tokarz, Gabriela"]
[Black "Gruszecka, Alicja"]
[Result "1-0"]
[WhiteTitle "I++"]
[BlackTitle "I"]
[WhiteElo "1911"]
[BlackElo "1719"]

1. e4 c5 2. Nf3 Nc6 3. d4 cxd4 4. Nxd4 Nf6 5. Nc3 d6 6. Bg5 Bd7 7. Be2 Rc8 8. O-O
Nxd4 9. Qxd4 Qa5 10. Be3 a6 11. a4 Qc5 12. Qxc5 dxc5 13. h3 Bc6 14. Bf3 e6 15.
Bf4 Be7 16. Rfd1 h6 17. g3 O-O 18. Bg2 Rfd8 19. e5 Nd5 20. Nxd5 Bxd5 21. Bxd5
Rxd5 22. Rxd5 exd5 23. Rd1 Rd8 24. Bd2 b6 25. b3 Kh7 26. c3 Kg6 27. Be3 Kf5 28.
Re1 Re8 29. g4+ Kg6 30. f4 Bh4 31. f5+ Kh7 32. Bf2 Bxf2+ 33. Kxf2 g6 34. e6 fxe6
35. Rxe6 Rxe6 36. fxe6 Kg7 37. Kf3 Kf6 38. e7 Kxe7 39. Kf4 Kf6 40. Kf3 Ke5 41.
Ke3 h5 42. gxh5 gxh5 43. h4 Kf5 44. Kf3 d4 45. cxd4 cxd4 46. Ke2 Kg4 47. Kd3 Kxh4
48. Kxd4 Kg3 49. Ke3 h4 50. Ke2 Kg2 1-0

[Event "Druzynowe Mistrzostwa Polski Juniorow - II liga"]
[Site "Sypniewo k. Jastowia"]
[Date "2024-06-17"]
[Round "7.7"]
[White "Wojdak, Jan"]
[Black "Mazurek, Filip"]
[Result "1-0"]
[WhiteTitle "k+"]
[BlackTitle "I"]
[WhiteElo "2149"]
[BlackElo "1879"]

1. d4 Nf6 2. c4 e6 3. Nf3 b6 4. g3 Ba6 5. Qa4 Bb7 6. Bg2 Be7 7. O-O O-O 8. Nc3
Ne4 9. Qc2 Nxc3 10. Qxc3 f5 11. Rd1 Bf6 12. Qb3 d6 13. Ne1 Bxg2 14. Nxg2 Qe7 15.
Qf3 Nd7 16. d5 g6 17. Nf4 e5 18. Ne6 Rfc8 19. e4 fxe4 20. Qxe4 Nf8 21. Nxf8 Rxf8
22. h4 Bg7 23. Be3 Rf5 24. b4 Raf8 25. Rac1 Rf3 26. c5 Qd7 27. cxd6 cxd6 28. Kg2
Qf7 29. Rd2 h5 30. Rc6 Kh7 31. Rdc2 Qf6 32. Rc8 Rf5 33. Rxf8 Qxf8 34. f3 Rf7 35.
Rc6 Bh6 36. Bf2 Qe7 37. a4 Qf6 38. a5 bxa5 39. bxa5 Qd8 40. a6 Bd2 41. Qc2 Ba5
42. Rc8 Qd7 43. Rb8 Qe7 44. Qc8 Qf6 45. Qg8+ 1-0

[Event "Druzynowe Mistrzostwa Polski Juniorow - II liga"]
[Site "Sypniewo k. Jastowia"]
[Date "2024-06-17"]
[Round "7.8"]
[White "Kryston, Aleksander"]
[Black "Jendrowiak, Maciej"]
[Result "0-1"]
[WhiteTitle "II+"]
[BlackTitle "I"]
[WhiteElo "1772"]
[BlackElo "2049"]

1. d4 Nf6 2. c4 e6 3. Nc3 d5 4. cxd5 exd5 5. Bg5 Bb4 6. e3 h6 7. Bh4 g5 8. Bg3
Ne4 9. Nge2 h5 10. f3 Nxg3 11. Nxg3 h4 12. Nge2 Qe7 13. Qd2 c6 14. a3 Ba5 15.
b4 Bc7 16. Nd1 Nd7 17. Nec3 Nf6 18. Bd3 g4 19. e4 gxf3 20. gxf3 dxe4 21. fxe4
Nxe4 22. Nxe4 f5 23. Qg5 fxe4 24. Qg6+ Kd8 25. Bxe4 Be6 26. Nc3 Rg8 27. Qh7 Qg5
28. Ne2 Bg4 29. Rg1 Bxh2 30. Bf5 Rg7 31. Qh8+ Kc7 32. Qxa8 Qxf5 33. Rg2 Re7 34.
Rxh2 Qf3 35. O-O-O Qxa3+ 36. Kd2 Qb2+ 0-1

[Event "Druzynowe Mistrzostwa Polski Juniorow - II liga"]
[Site "Sypniewo k. Jastowia"]
[Date "2024-06-17"]
[Round "7.9"]
[White "Oles, Mateusz"]
[Black "Etut, Filbert"]
[Result "1/2-1/2"]
[WhiteTitle "I"]
[BlackTitle "I"]
[WhiteElo "1771"]
[BlackElo "1815"]

1. e4 c6 2. Nf3 d5 3. Nc3 Bg4 4. h3 Bxf3 5. Qxf3 e6 6. d4 dxe4 7. Qxe4 Nf6 8. Qd3
Be7 9. g3 Na6 10. a3 Qb6 11. Bg2 Rd8 12. Ne2 O-O 13. O-O e5 14. c3 exd4 15. cxd4
Nc7 16. b4 Rfe8 17. Bb2 Nfd5 18. Rfe1 Bf6 19. Qd2 h6 20. Rad1 a6 21. h4 Re7 22.
Nc1 Rxe1+ 23. Rxe1 Ne6 24. Nb3 Ndc7 25. Rd1 Qb5 26. Qc2 Qb6 27. Qd2 Nb5 28. d5
Bxb2 29. Qxb2 Nbc7 30. Qe5 cxd5 31. Rc1 Qd6 32. Qe2 b6 33. Rd1 Qc6 34. Qb2 Qb5
35. f4 Nf8 36. f5 Nh7 37. Qe5 Qd7 38. Rc1 Ne8 39. Nd4 Nhf6 40. Nc6 Qd6 41. Qxd6
Rxd6 42. Ne7+ Kf8 43. Nc8 Rd8 44. Nxb6 d4 45. Bf1 d3 46. Rd1 d2 47. Nc4 Ne4 48.
Bg2 N8f6 49. Kf1 Nxg3+ 50. Kf2 Rd3 51. Rxd2 Nfe4+ 52. Bxe4 Nxe4+ 53. Ke2 Rxd2+
54. Nxd2 Ng3+ 55. Kd3 Ke7 56. Kc4 Kd6 57. a4 Kc6 58. Nb3 Nxf5 59. Nc5 g5 60. hxg5
hxg5 61. b5+ axb5+ 62. axb5+ Kc7 63. Kd5 Kb6 64. Ne4 g4 65. Ke5 g3 66. Nxg3 Nxg3
67. Kf6 Kxb5 68. Kxf7 1/2-1/2

[Event "Druzynowe Mistrzostwa Polski Juniorow - II liga"]
[Site "Sypniewo k. Jastowia"]
[Date "2024-06-17"]
[Round "7.10"]
[White "Baranowski, Jan"]
[Black "Seemann, Adam"]
[Result "0-1"]
[WhiteTitle "II"]
[BlackTitle "II"]
[WhiteElo "1577"]
[BlackElo "1596"]

1. e4 c5 2. b3 Nc6 3. Bb2 d6 4. Bb5 Bd7 5. f4 a6 6. Bxc6 Bxc6 7. d3 e6 8. Nf3 Nf6
9. O-O Be7 10. Nbd2 h6 11. Qe1 Qc7 12. Qg3 Rg8 13. Qe1 g5 14. f5 exf5 15. exf5
O-O-O 16. c4 g4 17. Nh4 d5 18. Be5 Qd7 19. Rd1 Rde8 20. Qf2 d4 21. Rde1 Bd8 22.
g3 Nh7 23. Bf4 Ng5 24. Bxg5 Bxg5 25. Ng2 Rxe1 26. Rxe1 Re8 27. Rxe8+ Qxe8 28.
Kf1 Qe5 29. a4 Bxd2 30. Qxd2 Qxf5+ 31. Nf4 b6 32. Qe2 Kd7 33. Kf2 Bf3 34. Qe1
h5 35. h4 Bc6 36. Kg1 Bf3 37. Kf2 Bc6 38. Kg1 Bf3 39. a5 bxa5 40. Qxa5 Qe5 41.
Qd2 Kd6 42. Kf1 Kd7 43. b4 cxb4 44. Qxb4 Qe3 45. Qa4+ Bc6 46. Qc2 Qf3+ 47. Qf2
Qd1+ 48. Qe1 Qf3+ 49. Qf2 a5 50. Ke1 Qxf2+ 51. Kxf2 a4 52. Ne2 a3 53. Nxd4 Ba4
0-1

[Event "Druzynowe Mistrzostwa Polski Juniorow - II liga"]
[Site "Sypniewo k. Jastowia"]
[Date "2024-06-17"]
[Round "7.11"]
[White "Seemann, Pola"]
[Black "Zalewska, Malgorzata"]
[Result "1-0"]
[WhiteTitle "k"]
[BlackTitle "I+"]
[WhiteElo "1935"]
[BlackElo "1722"]

1. e4 c5 2. Nf3 d6 3. d4 cxd4 4. Nxd4 Nf6 5. Nc3 a6 6. f4 e5 7. Nf3 Nbd7 8. Bc4
Be7 9. a4 Qa5 10. Qe2 b5 11. Bb3 O-O 12. O-O bxa4 13. Rxa4 Qc7 14. Nd5 Nxd5 15.
Bxd5 Rb8 16. b3 Nb6 17. Ra5 Nxd5 18. Rxd5 Bb7 19. Rd3 Qc6 20. Re1 Bf6 21. Ba3
Rfd8 22. Qd2 Rbc8 23. c4 Qb6+ 24. Kh1 exf4 25. Bxd6 Bc3 26. Qxc3 Rxd6 27. Nd4
Rg6 28. Nf5 Re8 29. Rd6 Qxd6 30. Nxd6 Rxd6 31. Qb4 Rd7 32. h3 h6 33. c5 Bc6 34.
Qc4 Bb5 35. Qc1 g5 36. Qb2 Re6 37. b4 f6 38. Qb3 Kf7 39. Rd1 Rxd1+ 40. Qxd1 Rxe4
41. Qd5+ Re6 42. Qf5 Re1+ 43. Kh2 Kg7 44. h4 Bc6 45. h5 Be4 46. Qd7+ Kf8 47. Qd2
Rb1 48. c6 Bxc6 49. Qd6+ Kf7 50. Qxc6 Ra1 51. Qe4 1-0